00599nam a22001457a 4500003000900000008004100009040007100050082001500121100002500136245004700161260003600208300002700244505015800271650002400429AR-CdUCM190518b ||||| |||| 00| 0 spa d aMUNICIPALIDAD PROVINCIAL DEL CUSCOcBIBLIOTECA MUNICIPAL DEL CUSCO a332 /bG82 aGriziotti, Benvenuto aPrincipios de la ciencia de las Finanzas / aBuenos Aires :bDepalma,c1949. a478 páginas;c20 cm. aLas actividades financieras y leneas fundamentales del sistema tributarios -- Análisis crítico de las diversas categorias de los gastos púlblicos.. aSistema tributario.